Primer Anuario del Seminario Latinaomericano de Filosofìa e Historia de las Ideas.

Shranjeno v:
Bibliografske podrobnosti
Format: Neznan
Jezik:Spanish
Izdano: [Lugar de publicación no identificada] : Cuadernos Heterogenesis, 1997.
Teme:
Oznake: Označite
Brez oznak, prvi označite!

MARC

LEADER 000000000a22000000004500
001 003391
020 |a 919719784X 
041 0 |a spa 
082 0 4 |a 190   |b P953p 
245 0 0 |a Primer Anuario del Seminario Latinaomericano de Filosofìa e Historia de las Ideas. 
260 1 |a [Lugar de publicación no identificada] :   |b Cuadernos Heterogenesis,   |c 1997. 
300 |a 200 páginas 
650 4 |a FILOSOFIA 
650 4 |a CONGRESOS 
650 4 |a FLORES MORALES, FERNANDO 
650 4 |a CHIAPAS, MEXICO 
999 |c 9622  |d 9622 
942 |c BK  |h 190 P953p  |2 z